<?xml version="1.0" encoding="UTF-8"?>
<record
    xmlns:xsi="http://www.w3.org/2001/XMLSchema-instance"
    xsi:schemaLocation="http://www.loc.gov/MARC21/slim http://www.loc.gov/standards/marcxml/schema/MARC21slim.xsd"
    xmlns="http://www.loc.gov/MARC21/slim">

  <leader>02612cam a22002658i 4500</leader>
  <controlfield tag="003">OSt</controlfield>
  <controlfield tag="005">20250523123702.0</controlfield>
  <controlfield tag="008">240726s2025    pau     ob    001 0 eng  </controlfield>
  <datafield tag="020" ind1=" " ind2=" ">
    <subfield code="a">9789349057</subfield>
  </datafield>
  <datafield tag="040" ind1=" " ind2=" ">
    <subfield code="c">ddc</subfield>
  </datafield>
  <datafield tag="082" ind1="0" ind2="0">
    <subfield code="a">612.7/6</subfield>
    <subfield code="2">23</subfield>
  </datafield>
  <datafield tag="100" ind1="1" ind2=" ">
    <subfield code="a">Samuels-Colt, Vickie,</subfield>
  </datafield>
  <datafield tag="245" ind1="1" ind2="0">
    <subfield code="a">Foundation in kinesiology and biomechanics /</subfield>
    <subfield code="c">Vickie Samuels-Colt.</subfield>
  </datafield>
  <datafield tag="250" ind1=" " ind2=" ">
    <subfield code="a">Second edition.</subfield>
  </datafield>
  <datafield tag="260" ind1=" " ind2=" ">
    <subfield code="a">New Delhi</subfield>
    <subfield code="b">CBS Publishers &amp; Distributors</subfield>
  </datafield>
  <datafield tag="263" ind1=" " ind2=" ">
    <subfield code="a">2412</subfield>
  </datafield>
  <datafield tag="505" ind1="0" ind2=" ">
    <subfield code="a">Principles of Kinesiology and Biomechanics -- Additional Biomechanical Principles -- Structure and Function of Joints -- Structure and Function of Muscles -- Structure and Function of the Spine -- Structure and Ventilation Function of the Thorax -- Structure and Function of the Temporomandibular Joint -- Structure and Function of the Shoulder Complex -- Structure and Function of the Elbow Complex -- Structure and Function of the Wrist and Hand Complex -- Structure and Function of the Hip Complex -- Structure and Function of the Knee -- Structure and Function of the Ankle and Foot Complex -- The Kinesiology of Gait.</subfield>
  </datafield>
  <datafield tag="520" ind1=" " ind2=" ">
    <subfield code="a">"Foundation in Kinesiology and Biomechanics provides students with a solid conceptual foundation in the study of movement producing a springboard for the study of movement impairments and rehabilitation of dysfunction. This second edition continues to provide students with a solid conceptual foundation in kinesiology as they prepare for careers where an understanding of the musculoskeletal system and its function is the cornerstone of their future profession. This text presents content and a newly added lab textbook with activities emphasizing conceptual concepts rather than rote memorization of facts. The text lays the groundwork for study of impairments and interventions for those entering fields of physical and occupational therapy, athletic training, exercise, strength and conditioning training, sports medicine, and kinesiology. The addition of the lab manual to the second edition provides students with hands-on activities allowing them to experience kinesiology concepts related to general concepts, each body segment, posture, and gait"--</subfield>
  </datafield>
  <datafield tag="650" ind1=" " ind2="0">
    <subfield code="a">Occupational Therapy</subfield>
    <subfield code="v">Occupational Therapy</subfield>
    <subfield code="x">kinesiology and biomechanics</subfield>
  </datafield>
  <datafield tag="776" ind1="0" ind2="8">
    <subfield code="i">Print version:</subfield>
    <subfield code="a">Samuels-Colt, Vickie.</subfield>
    <subfield code="t">Foundation in kinesiology and biomechanics</subfield>
    <subfield code="b">Second edition.</subfield>
    <subfield code="d">Philadelphia, PA : F.A. Davis Company, [2025]</subfield>
    <subfield code="z">9781719649902</subfield>
    <subfield code="w">(DLC) 2024034391</subfield>
  </datafield>
  <datafield tag="906" ind1=" " ind2=" ">
    <subfield code="a">7</subfield>
    <subfield code="b">cbc</subfield>
    <subfield code="c">orignew</subfield>
    <subfield code="d">1</subfield>
    <subfield code="e">ecip</subfield>
    <subfield code="f">20</subfield>
    <subfield code="g">y-gencatlg</subfield>
  </datafield>
  <datafield tag="942" ind1=" " ind2=" ">
    <subfield code="c">BK</subfield>
    <subfield code="2">ddc</subfield>
  </datafield>
  <datafield tag="952" ind1=" " ind2=" ">
    <subfield code="0">0</subfield>
    <subfield code="1">0</subfield>
    <subfield code="4">0</subfield>
    <subfield code="7">0</subfield>
    <subfield code="a">NICHELIB</subfield>
    <subfield code="b">NICHELIB</subfield>
    <subfield code="c">GEN</subfield>
    <subfield code="d">2025-05-12</subfield>
    <subfield code="e">Masters Books and Distributors, 7-04-2025</subfield>
    <subfield code="g">1495.00</subfield>
    <subfield code="l">0</subfield>
    <subfield code="o">612.76 R5</subfield>
    <subfield code="p">84109</subfield>
    <subfield code="r">2025-05-13 11:20:23</subfield>
    <subfield code="w">2025-05-13</subfield>
    <subfield code="y">BK</subfield>
    <subfield code="k"></subfield>
  </datafield>
  <datafield tag="952" ind1=" " ind2=" ">
    <subfield code="0">0</subfield>
    <subfield code="1">0</subfield>
    <subfield code="4">0</subfield>
    <subfield code="7">0</subfield>
    <subfield code="a">NICHELIB</subfield>
    <subfield code="b">NICHELIB</subfield>
    <subfield code="c">GEN</subfield>
    <subfield code="d">2025-05-12</subfield>
    <subfield code="e">Masters Books and Distributors, 7-04-2025</subfield>
    <subfield code="g">1495.00</subfield>
    <subfield code="l">0</subfield>
    <subfield code="o">612.76 R5</subfield>
    <subfield code="p">84110</subfield>
    <subfield code="r">2025-05-13 11:20:23</subfield>
    <subfield code="w">2025-05-13</subfield>
    <subfield code="y">BK</subfield>
    <subfield code="k"></subfield>
  </datafield>
  <datafield tag="952" ind1=" " ind2=" ">
    <subfield code="0">0</subfield>
    <subfield code="1">0</subfield>
    <subfield code="4">0</subfield>
    <subfield code="7">0</subfield>
    <subfield code="a">NICHELIB</subfield>
    <subfield code="b">NICHELIB</subfield>
    <subfield code="c">GEN</subfield>
    <subfield code="d">2025-05-12</subfield>
    <subfield code="e">Masters Books and Distributors, 7-04-2025</subfield>
    <subfield code="g">1495.00</subfield>
    <subfield code="l">0</subfield>
    <subfield code="o">612.76 R5</subfield>
    <subfield code="p">84111</subfield>
    <subfield code="r">2025-05-13 11:20:23</subfield>
    <subfield code="w">2025-05-13</subfield>
    <subfield code="y">BK</subfield>
    <subfield code="k"></subfield>
  </datafield>
  <datafield tag="952" ind1=" " ind2=" ">
    <subfield code="0">0</subfield>
    <subfield code="1">0</subfield>
    <subfield code="4">0</subfield>
    <subfield code="7">0</subfield>
    <subfield code="a">NICHELIB</subfield>
    <subfield code="b">NICHELIB</subfield>
    <subfield code="c">GEN</subfield>
    <subfield code="d">2025-05-12</subfield>
    <subfield code="e">Masters Books and Distributors, 7-04-2025</subfield>
    <subfield code="g">1495.00</subfield>
    <subfield code="l">0</subfield>
    <subfield code="o">612.76 R5</subfield>
    <subfield code="p">84112</subfield>
    <subfield code="r">2025-05-13 11:20:23</subfield>
    <subfield code="w">2025-05-13</subfield>
    <subfield code="y">BK</subfield>
    <subfield code="k"></subfield>
  </datafield>
  <datafield tag="952" ind1=" " ind2=" ">
    <subfield code="0">0</subfield>
    <subfield code="1">0</subfield>
    <subfield code="4">0</subfield>
    <subfield code="7">0</subfield>
    <subfield code="a">NICHELIB</subfield>
    <subfield code="b">NICHELIB</subfield>
    <subfield code="c">GEN</subfield>
    <subfield code="d">2025-05-12</subfield>
    <subfield code="e">Masters Books and Distributors, 7-04-2025</subfield>
    <subfield code="g">1495.00</subfield>
    <subfield code="l">0</subfield>
    <subfield code="o">612.76 R5</subfield>
    <subfield code="p">84113</subfield>
    <subfield code="r">2025-05-13 11:20:23</subfield>
    <subfield code="w">2025-05-13</subfield>
    <subfield code="y">BK</subfield>
    <subfield code="k"></subfield>
  </datafield>
  <datafield tag="999" ind1=" " ind2=" ">
    <subfield code="c">249050</subfield>
    <subfield code="d">249050</subfield>
  </datafield>
</record>
